[Event "SRI-ch (Women)"]
[Site "Colombo"]
[Date "2012.03.30"]
[Round "10"]
[White "Ranasinghe, Sachini D"]
[Black "Chankamie, MKT"]
[Result "1-0"]
[WhiteElo "1914"]
[BlackElo "1629"]
[PlyCount "105"]
[EventDate "2012.03.23"]
[EventType "tourn"]
[EventRounds "11"]
[EventCountry "SRI"]
[SourceTitle "EXT 2013"]
[Source "ChessBase"]
[SourceDate "2012.11.22"]
[SourceVersion "1"]
[SourceVersionDate "2012.11.22"]
[SourceQuality "1"]

1. c4 g6 2. g3 Bg7 3. Bg2 Nf6 4. d4 c6 5. b3 d5 6. Bb2 Nbd7 7. Nf3 0-0 8. 0-0 Re8 9. Nbd2 e6 10. Qc2 b6 11. Ne5 Qc7 12. f4 Nxe5 13. fxe5 Ng4 14. Qc3 dxc4 15. Nxc4 c5 16. Bxa8 Ba6 17. Bf3 Nh6 18. Nd6 Rd8 19. dxc5 Qxc5+ 20. Qxc5 bxc5 21. Rfd1 Bf8 22. Rac1 Be7 23. Kf2 Kf8 24. Nc4 Ke8 25. Bc6+ Kf8 26. Rxd8+ Bxd8 27. Rd1 Be7 28. Ne3 Bg5 29. Ba3 Be7 30. Rd7 Nf5 31. Nxf5 exf5 32. Rxa7 Bxe2 33. Kxe2 h5 34. Rxe7 Kxe7 35. Bxc5+ Ke6 36. Bd6 f6 37. Bc7 fxe5 38. a4 e4 39. a5 g5 40. a6 h4 41. a7 hxg3 42. hxg3 f4 43. gxf4 gxf4 44. a8Q f3+ 45. Ke3 Ke7 46. Qe8+ Kf6 47. Bd8+ Kg7 48. Bxe4 f2 49. Qg6+ Kf8 50. Qf6+ Kg8 51. Bd5+ Kh7 52. Qf5+ Kh8 53. Bf6# 1-0